LEADER 00881nam0-22003011i-450- 001 990007992070403321 005 20050126100806.0 010 $a1-56700-051-7 035 $a000799207 035 $aFED01000799207 035 $a(Aleph)000799207FED01 035 $a000799207 100 $a20050126d1995----km-y0itay50------ba 101 1 $aeng 105 $ay-------001yy 200 1 $aMechanics and Combustion of Droplets and Sprays$gEdited by H.H. Paul Chiu, Norman Chigier 210 $aNew York$cBegell House$dc1995 215 $aVII, 385 p.$cill.$d27 cm 610 0 $aCombustion 702 1$aChiu,$bH.H. Paul 702 1$aChigier,$bNorman 801 0$aIT$bUNINA$gRICA$2UNIMARC 901 $aBK 912 $a990007992070403321 952 $a04 000-423$bDIC 4163$fDINCH 959 $aDINCH 996 $aMechanics and Combustion of Droplets and Sprays$9751813 997 $aUNINA LEADER 01354nam 2200325 n 450 001 996390246603316 005 20221108061552.0 035 $a(CKB)1000000000654630 035 $a(EEBO)2240884162 035 $a(UnM)99856329 035 $a(EXLCZ)991000000000654630 100 $a19921001d1612 uy | 101 0 $alat 135 $aurbn||||a|bb| 200 10$aLuctus posthumus siue Erga defunctum illustrissimum Henricum Wallię Principem, Collegij Beatę Marię Magdalenę apud Oxonienses Mecęnatem longe? indulgentissimum, Magdalenensium officiosa pietas$b[electronic resource] 210 $aOxonię $cExcudebat Josephus Barnesius$d1612 215 $a[2], 62, [8] p 300 $aIn verse, mostly Latin. 300 $aThe last four leaves contain a funeral oration by Accepted Frewen. 300 $aReproduction of the original in the Henry E. Huntington Library and Art Gallery. 330 $aeebo-0113 701 $aFrewen$b Accepted$f1588-1664.$01001860 801 0$bCu-RivES 801 1$bCu-RivES 801 2$bCStRLIN 801 2$bWaOLN 906 $aBOOK 912 $a996390246603316 996 $aLuctus posthumus siue Erga defunctum illustrissimum Henricum Wallię Principem, Collegij Beatę Marię Magdalenę apud Oxonienses Mecęnatem longe? indulgentissimum, Magdalenensium officiosa pietas$92304777 997 $aUNISA